<?xml version="1.0" encoding="UTF-8"?>
<collection xmlns="http://www.loc.gov/MARC21/slim">
 <record>
  <leader>04039cam a2200817 c 4500</leader>
  <controlfield tag="001">33781175X</controlfield>
  <controlfield tag="003">DE-627</controlfield>
  <controlfield tag="005">20260421133532.0</controlfield>
  <controlfield tag="007">tu</controlfield>
  <controlfield tag="008">011205s2002    gw ||||| m    00| ||ger c</controlfield>
  <datafield tag="015" ind1=" " ind2=" ">
   <subfield code="a">01,N51,0591</subfield>
   <subfield code="2">dnb</subfield>
  </datafield>
  <datafield tag="015" ind1=" " ind2=" ">
   <subfield code="a">02,A17,1309</subfield>
   <subfield code="2">dnb</subfield>
  </datafield>
  <datafield tag="016" ind1="7" ind2=" ">
   <subfield code="a">962739103</subfield>
   <subfield code="2">DE-101</subfield>
  </datafield>
  <datafield tag="020" ind1=" " ind2=" ">
   <subfield code="a">3631389191</subfield>
   <subfield code="q">kart. : ca. EUR 40.40 (freier Pr.)</subfield>
   <subfield code="9">3-631-38919-1</subfield>
  </datafield>
  <datafield tag="035" ind1=" " ind2=" ">
   <subfield code="a">(DE-627)33781175X</subfield>
  </datafield>
  <datafield tag="035" ind1=" " ind2=" ">
   <subfield code="a">(DE-603)101859759</subfield>
  </datafield>
  <datafield tag="035" ind1=" " ind2=" ">
   <subfield code="a">(DE-576)098111256</subfield>
  </datafield>
  <datafield tag="035" ind1=" " ind2=" ">
   <subfield code="a">(DE-599)GBV33781175X</subfield>
  </datafield>
  <datafield tag="035" ind1=" " ind2=" ">
   <subfield code="a">(OCoLC)249193302</subfield>
  </datafield>
  <datafield tag="035" ind1=" " ind2=" ">
   <subfield code="a">(OCoLC)1078751957</subfield>
  </datafield>
  <datafield tag="035" ind1=" " ind2=" ">
   <subfield code="a">(OCoLC)50254426</subfield>
  </datafield>
  <datafield tag="035" ind1=" " ind2=" ">
   <subfield code="a">(OCoLC)248458934</subfield>
  </datafield>
  <datafield tag="040" ind1=" " ind2=" ">
   <subfield code="a">DE-627</subfield>
   <subfield code="b">ger</subfield>
   <subfield code="c">DE-627</subfield>
   <subfield code="e">rakwb</subfield>
  </datafield>
  <datafield tag="041" ind1=" " ind2=" ">
   <subfield code="a">ger</subfield>
  </datafield>
  <datafield tag="044" ind1=" " ind2=" ">
   <subfield code="c">XA-DE</subfield>
   <subfield code="c">XA-CH</subfield>
   <subfield code="c">XA-BE</subfield>
   <subfield code="c">XA-FR</subfield>
  </datafield>
  <datafield tag="050" ind1=" " ind2="0">
   <subfield code="a">NC293.L53</subfield>
  </datafield>
  <datafield tag="082" ind1="0" ind2=" ">
   <subfield code="a">741.092</subfield>
  </datafield>
  <datafield tag="084" ind1=" " ind2=" ">
   <subfield code="a">46</subfield>
   <subfield code="2">sdnb</subfield>
  </datafield>
  <datafield tag="084" ind1=" " ind2=" ">
   <subfield code="a">9,10</subfield>
   <subfield code="2">ssgn</subfield>
  </datafield>
  <datafield tag="084" ind1=" " ind2=" ">
   <subfield code="a">LI 54330</subfield>
   <subfield code="2">rvk</subfield>
   <subfield code="0">(DE-625)rvk/96507:</subfield>
  </datafield>
  <datafield tag="084" ind1=" " ind2=" ">
   <subfield code="a">20.31</subfield>
   <subfield code="2">bkl</subfield>
  </datafield>
  <datafield tag="100" ind1="1" ind2=" ">
   <subfield code="a">Holleczek, Andreas</subfield>
   <subfield code="0">(DE-588)1057531456</subfield>
   <subfield code="0">(DE-627)796025037</subfield>
   <subfield code="0">(DE-576)413329429</subfield>
   <subfield code="4">aut</subfield>
  </datafield>
  <datafield tag="245" ind1="1" ind2="0">
   <subfield code="a">Jean-Etienne Liotard</subfield>
   <subfield code="b">Erkenntnisvermögen und künstlerischer Anspruch</subfield>
   <subfield code="c">Andreas Holleczek</subfield>
  </datafield>
  <datafield tag="263" ind1=" " ind2=" ">
   <subfield code="a">kart. : ca. EUR 40.40 (freier Pr.)</subfield>
  </datafield>
  <datafield tag="264" ind1=" " ind2="1">
   <subfield code="a">Frankfurt am Main</subfield>
   <subfield code="a">Berlin</subfield>
   <subfield code="a">Bern</subfield>
   <subfield code="a">Bruxelles</subfield>
   <subfield code="a">New York</subfield>
   <subfield code="a">Oxford</subfield>
   <subfield code="a">Wien</subfield>
   <subfield code="b">Lang</subfield>
   <subfield code="c">2002</subfield>
  </datafield>
  <datafield tag="300" ind1=" " ind2=" ">
   <subfield code="a">260 S</subfield>
   <subfield code="b">Ill</subfield>
   <subfield code="c">21 cm</subfield>
  </datafield>
  <datafield tag="336" ind1=" " ind2=" ">
   <subfield code="a">Text</subfield>
   <subfield code="b">txt</subfield>
   <subfield code="2">rdacontent</subfield>
  </datafield>
  <datafield tag="337" ind1=" " ind2=" ">
   <subfield code="a">ohne Hilfsmittel zu benutzen</subfield>
   <subfield code="b">n</subfield>
   <subfield code="2">rdamedia</subfield>
  </datafield>
  <datafield tag="338" ind1=" " ind2=" ">
   <subfield code="a">Band</subfield>
   <subfield code="b">nc</subfield>
   <subfield code="2">rdacarrier</subfield>
  </datafield>
  <datafield tag="490" ind1="1" ind2=" ">
   <subfield code="a">Europäische Hochschulschriften</subfield>
   <subfield code="a">Reihe 28, Kunstgeschichte = Histoire de l'art = History of art</subfield>
   <subfield code="v">369</subfield>
  </datafield>
  <datafield tag="500" ind1=" " ind2=" ">
   <subfield code="a">Quellen- und Literaturverz. S. 236 - 257</subfield>
  </datafield>
  <datafield tag="502" ind1=" " ind2=" ">
   <subfield code="a">Zugl.: Berlin, Freie Univ., Diss., 2000</subfield>
  </datafield>
  <datafield tag="583" ind1="1" ind2=" ">
   <subfield code="a">Archivierung/Langzeitarchivierung gewährleistet</subfield>
   <subfield code="f">SSG</subfield>
   <subfield code="x">XA-DE-BW</subfield>
   <subfield code="2">pdager</subfield>
   <subfield code="5">DE-16</subfield>
  </datafield>
  <datafield tag="583" ind1="1" ind2=" ">
   <subfield code="a">Archivierung prüfen</subfield>
   <subfield code="c">20240324</subfield>
   <subfield code="f">DE-4165</subfield>
   <subfield code="z">1</subfield>
   <subfield code="2">pdager</subfield>
  </datafield>
  <datafield tag="583" ind1="1" ind2=" ">
   <subfield code="a">Archivierung/Langzeitarchivierung gewährleistet</subfield>
   <subfield code="f">SLG</subfield>
   <subfield code="z">Frankreichforschung</subfield>
   <subfield code="2">pdager</subfield>
   <subfield code="5">DE-77</subfield>
  </datafield>
  <datafield tag="600" ind1="1" ind2="7">
   <subfield code="0">(DE-588)118780115</subfield>
   <subfield code="0">(DE-627)247941298</subfield>
   <subfield code="0">(DE-576)170249360</subfield>
   <subfield code="a">Liotard, Jean-Étienne</subfield>
   <subfield code="d">1702-1789</subfield>
   <subfield code="2">gnd</subfield>
  </datafield>
  <datafield tag="650" ind1="0" ind2="7">
   <subfield code="0">(DE-588)4075923-4</subfield>
   <subfield code="0">(DE-627)106084364</subfield>
   <subfield code="0">(DE-576)209200154</subfield>
   <subfield code="a">Pastellmalerei</subfield>
   <subfield code="2">gnd</subfield>
  </datafield>
  <datafield tag="650" ind1="0" ind2="7">
   <subfield code="0">(DE-588)4000626-8</subfield>
   <subfield code="0">(DE-627)106400541</subfield>
   <subfield code="0">(DE-576)208838821</subfield>
   <subfield code="a">Ästhetik</subfield>
   <subfield code="2">gnd</subfield>
  </datafield>
  <datafield tag="653" ind1=" " ind2="0">
   <subfield code="a">Liotard, Jean-Etienne</subfield>
   <subfield code="a">Criticism and interpretation</subfield>
  </datafield>
  <datafield tag="655" ind1=" " ind2="7">
   <subfield code="a">Hochschulschrift</subfield>
   <subfield code="0">(DE-588)4113937-9</subfield>
   <subfield code="0">(DE-627)105825778</subfield>
   <subfield code="0">(DE-576)209480580</subfield>
   <subfield code="2">gnd-content</subfield>
  </datafield>
  <datafield tag="689" ind1="0" ind2="0">
   <subfield code="d">p</subfield>
   <subfield code="0">(DE-588)118780115</subfield>
   <subfield code="0">(DE-627)247941298</subfield>
   <subfield code="0">(DE-576)170249360</subfield>
   <subfield code="a">Liotard, Jean-Étienne</subfield>
   <subfield code="d">1702-1789</subfield>
   <subfield code="2">gnd</subfield>
  </datafield>
  <datafield tag="689" ind1="0" ind2=" ">
   <subfield code="5">DE-101</subfield>
  </datafield>
  <datafield tag="689" ind1="1" ind2="0">
   <subfield code="d">p</subfield>
   <subfield code="0">(DE-588)118780115</subfield>
   <subfield code="0">(DE-627)247941298</subfield>
   <subfield code="0">(DE-576)170249360</subfield>
   <subfield code="a">Liotard, Jean-Étienne</subfield>
   <subfield code="d">1702-1789</subfield>
   <subfield code="2">gnd</subfield>
  </datafield>
  <datafield tag="689" ind1="1" ind2=" ">
   <subfield code="5">(DE-627)</subfield>
  </datafield>
  <datafield tag="700" ind1="1" ind2=" ">
   <subfield code="a">Liotard, Jean-Étienne</subfield>
   <subfield code="d">1702-1789</subfield>
   <subfield code="e">Ill.</subfield>
   <subfield code="0">(DE-588)118780115</subfield>
   <subfield code="0">(DE-627)247941298</subfield>
   <subfield code="0">(DE-576)170249360</subfield>
   <subfield code="4">ill</subfield>
  </datafield>
  <datafield tag="751" ind1=" " ind2=" ">
   <subfield code="a">Berlin</subfield>
   <subfield code="0">(DE-588)4005728-8</subfield>
   <subfield code="0">(DE-627)10482638X</subfield>
   <subfield code="0">(DE-576)208862560</subfield>
   <subfield code="4">uvp</subfield>
  </datafield>
  <datafield tag="787" ind1="0" ind2="8">
   <subfield code="i">Rezensiert in</subfield>
   <subfield code="a">Denk, Claudia</subfield>
   <subfield code="t">[Rezension von: Andreas Holleczek, Jean-Etienne Liotard]</subfield>
   <subfield code="d">2003</subfield>
   <subfield code="w">(DE-627)1920617728</subfield>
  </datafield>
  <datafield tag="830" ind1=" " ind2="0">
   <subfield code="a">Europäische Hochschulschriften / 28</subfield>
   <subfield code="v">369</subfield>
   <subfield code="9">369</subfield>
   <subfield code="w">(DE-627)129403792</subfield>
   <subfield code="w">(DE-576)014785412</subfield>
   <subfield code="w">(DE-600)187019-1</subfield>
   <subfield code="x">0721-3557</subfield>
   <subfield code="7">am</subfield>
  </datafield>
  <datafield tag="856" ind1="4" ind2="2">
   <subfield code="u">https://swbplus.bsz-bw.de/bsz098111256rez.htm</subfield>
   <subfield code="m">B:DE-576;DE-16</subfield>
   <subfield code="q">application/pdf</subfield>
   <subfield code="v">20081106100155</subfield>
   <subfield code="x">Verlag</subfield>
   <subfield code="3">Rezension</subfield>
   <subfield code="7">1</subfield>
  </datafield>
  <datafield tag="856" ind1="4" ind2="2">
   <subfield code="u">http://www.sehepunkte.de/2003/02/3039.html</subfield>
   <subfield code="m">V:DE-576;X:Sehepunkte</subfield>
   <subfield code="q">text/html</subfield>
   <subfield code="v">20180424113608</subfield>
   <subfield code="3">Rezension</subfield>
   <subfield code="7">1</subfield>
  </datafield>
  <datafield tag="856" ind1="4" ind2="2">
   <subfield code="u">http://scans.hebis.de/HEBCGI/show.pl?10185975_rez.pdf</subfield>
   <subfield code="m">V:DE-576;B:DE-16</subfield>
   <subfield code="q">application/pdf</subfield>
   <subfield code="3">Rezension</subfield>
   <subfield code="7">1</subfield>
  </datafield>
  <datafield tag="935" ind1=" " ind2=" ">
   <subfield code="a">MZFRA</subfield>
  </datafield>
  <datafield tag="935" ind1=" " ind2=" ">
   <subfield code="i">Blocktest</subfield>
  </datafield>
  <datafield tag="936" ind1="r" ind2="v">
   <subfield code="a">LI 54330</subfield>
   <subfield code="b">Liotard, Jean-Etienne</subfield>
   <subfield code="k">Kunstgeschichte</subfield>
   <subfield code="k">Künstler-Monografien</subfield>
   <subfield code="k">Alphabetische Künstlerliste</subfield>
   <subfield code="k">Künstler L</subfield>
   <subfield code="k">Liotard, Jean-Etienne</subfield>
   <subfield code="0">(DE-627)1271135191</subfield>
   <subfield code="0">(DE-625)rvk/96507:</subfield>
   <subfield code="0">(DE-576)201135191</subfield>
  </datafield>
  <datafield tag="936" ind1="b" ind2="k">
   <subfield code="a">20.31</subfield>
   <subfield code="j">Bildende Künstler</subfield>
   <subfield code="0">(DE-627)181571080</subfield>
  </datafield>
  <datafield tag="936" ind1="s" ind2="n">
   <subfield code="a">l300</subfield>
   <subfield code="2">mzub</subfield>
  </datafield>
  <datafield tag="951" ind1=" " ind2=" ">
   <subfield code="a">BO</subfield>
  </datafield>
  <datafield tag="990" ind1=" " ind2=" ">
   <subfield code="a">Liotard, Jean-Étienne</subfield>
  </datafield>
  <datafield tag="990" ind1=" " ind2=" ">
   <subfield code="a">Liotard, Jean-Étienne</subfield>
  </datafield>
  <datafield tag="991" ind1=" " ind2=" ">
   <subfield code="a">Rezensiertes Werk</subfield>
  </datafield>
  <datafield tag="999" ind1=" " ind2=" ">
   <subfield code="a">KXP-PPN33781175X</subfield>
   <subfield code="e">4955652654</subfield>
  </datafield>
 </record>
</collection>
